000 02263cam a22004934i 4500
003 PE-LiUPU
005 20250731173423.0
008 150706s r 000 0 d
020 _a9781602554726
035 _a(Sirsi) i9781602554726
040 _aPE-LiUPU
_bspa
_cPE-LiUPU
_erda
049 _aPRUA
082 0 4 _a222.110830
_bW92
_221
100 1 _aWright, Bryant,
_eautor.
245 1 0 _aSemillas de conflicto :
_blas raíces bíblicas de la crisis inevitable en el Medio Oriente /
_cBryant Wright.
264 1 _aNashville :
_bGrupo Nelson,
_c2011.
300 _a223 páginas ;
_c23 cm.
336 _atext
_2rdacontent
337 _aunmediated
_2rdamedia
338 _avolume
_2rdacarrier
505 0 _aLos creadores del conflicto -- La decisión de un hombre -- Abraham -- Heredad perpetua -- La tierra Santa -- Dos mujeres que hicieron historia -- Sara y Agar -- Rivalidad entre hermanos Isaac y Rebeca; Esaú y Jacob -- Cosecharás tu siembra -- Jacob y el nacimiento de Israel -- Una Restauración milagrosa -- El Estado de Israel y las naciones árabes vecinas -- La mayor amenaza que enfrenta Israel hoy -- Irán -- Puntos de vista en conflictos -- La perspectiva Judía -- La perspectiva Islámica -- La perspectiva cristiana -- Algunas conclusiones: Tres preguntas urgentes.
526 _aSEG42
526 _aSEG41
526 _aSEG40
526 _aSEG39
526 _aP94
526 _aP87
526 _aP86
526 _aP85
526 _aP77
526 _aP76
526 _aP35
541 _g001-0000604;
600 1 _aAbraham (patriarca bíblico)
600 1 _aSara (personaje bíblico)
600 1 _aAgar (personaje bíblico)
630 _aBiblia.
_pO.T.
_PG enesis
_xCritica, interpretación, etc.
910 _agl
_bjv
_cng
_d20121023
942 _2ddc
_cBOOK
949 _a222.110830 W92
_wDEWEY
_c1
_i65679
_lCCODEBUL1
_mBUL
_p35.00
_r0
_sY
_tBOOK
_u2015-7-6
_xTEOLOGIA
_PP35
_o.STAFF. Colección General
994 _aC0
_bPEPRU
596 _a1
999 _a222.110830 W92
_wDEWEY
_c54113
_i65679
_d54113
_f2021-11-9
_g5
_lCCODEBUL1
_mBUL
_p35.00
_q1
_r0
_sY
_tBOOK
_u2015-7-6
_xTEOLOGIA
_PP35
_0COMPRA
_o.STAFF. Colección General
980 _81
_gALBERTO SANCHEZ Responsable de Automatización